<?xml version="1.0" encoding="UTF-8"?>
<record
    xmlns:xsi="http://www.w3.org/2001/XMLSchema-instance"
    xsi:schemaLocation="http://www.loc.gov/MARC21/slim http://www.loc.gov/standards/marcxml/schema/MARC21slim.xsd"
    xmlns="http://www.loc.gov/MARC21/slim">

  <leader>02518cam a22004338i 4500</leader>
  <controlfield tag="001">21799024</controlfield>
  <controlfield tag="003">NUST</controlfield>
  <controlfield tag="005">20220825121205.0</controlfield>
  <controlfield tag="008">201019s2021    nju           001 0 eng c</controlfield>
  <datafield tag="010" ind1=" " ind2=" ">
    <subfield code="a">  2020043558</subfield>
  </datafield>
  <datafield tag="020" ind1=" " ind2=" ">
    <subfield code="a">9781119750765</subfield>
    <subfield code="q">(cloth)</subfield>
  </datafield>
  <datafield tag="020" ind1=" " ind2=" ">
    <subfield code="z">9781119750833</subfield>
    <subfield code="q">(adobe pdf)</subfield>
  </datafield>
  <datafield tag="020" ind1=" " ind2=" ">
    <subfield code="z">9781119750826</subfield>
    <subfield code="q">(epub)</subfield>
  </datafield>
  <datafield tag="038" ind1=" " ind2=" ">
    <subfield code="a">Azhar</subfield>
  </datafield>
  <datafield tag="040" ind1=" " ind2=" ">
    <subfield code="a">MdU/DLC</subfield>
    <subfield code="b">eng</subfield>
    <subfield code="e">rda</subfield>
    <subfield code="c">MdU</subfield>
  </datafield>
  <datafield tag="042" ind1=" " ind2=" ">
    <subfield code="a">pcc</subfield>
  </datafield>
  <datafield tag="050" ind1="0" ind2="0">
    <subfield code="a">BF637.M56</subfield>
    <subfield code="b">S68 2021</subfield>
  </datafield>
  <datafield tag="082" ind1="0" ind2="0">
    <subfield code="a">158.13</subfield>
    <subfield code="2">23</subfield>
    <subfield code="b">SMI</subfield>
  </datafield>
  <datafield tag="100" ind1="1" ind2=" ">
    <subfield code="a">Smith, Clif,</subfield>
    <subfield code="e">author.</subfield>
    <subfield code="9">94993</subfield>
  </datafield>
  <datafield tag="245" ind1="1" ind2="0">
    <subfield code="a">Mindfulness without the bells and beads :</subfield>
    <subfield code="b">unlocking exceptional performance, leadership, and wellbeing for working professionals </subfield>
    <subfield code="c">Clif Smith ; foreword by Tal Goldhamer.</subfield>
  </datafield>
  <datafield tag="260" ind1=" " ind2=" ">
    <subfield code="a">Hoboken, New Jersey :</subfield>
    <subfield code="b">Wiley,</subfield>
    <subfield code="c">2021</subfield>
  </datafield>
  <datafield tag="263" ind1=" " ind2=" ">
    <subfield code="a">2103</subfield>
  </datafield>
  <datafield tag="264" ind1=" " ind2="4">
    <subfield code="c">&#xA9;2021</subfield>
  </datafield>
  <datafield tag="300" ind1=" " ind2=" ">
    <subfield code="a">pages cm</subfield>
  </datafield>
  <datafield tag="336" ind1=" " ind2=" ">
    <subfield code="a">text</subfield>
    <subfield code="b">txt</subfield>
    <subfield code="2">rdacontent</subfield>
  </datafield>
  <datafield tag="337" ind1=" " ind2=" ">
    <subfield code="a">unmediated</subfield>
    <subfield code="b">n</subfield>
    <subfield code="2">rdamedia</subfield>
  </datafield>
  <datafield tag="338" ind1=" " ind2=" ">
    <subfield code="a">volume</subfield>
    <subfield code="b">nc</subfield>
    <subfield code="2">rdacarrier</subfield>
  </datafield>
  <datafield tag="500" ind1=" " ind2=" ">
    <subfield code="a">Includes index.</subfield>
  </datafield>
  <datafield tag="520" ind1=" " ind2=" ">
    <subfield code="a">"Mindfulness without the Bells and Beads shares the principles of the mindful leadership keynote the author has delivered to over 31,000 people and the curriculum of the 8-week mindfulness course he teaches to over 1,500 EY leaders and managers per year. Presented together for the first time, they provide a practical, demystified approach to practicing mindfulness in the context of work life and achieving improvements in leadership, wellbeing, and performance--without the beads, bells, chanting, and cushions. Mindfulness without the Bells and Beads dispels myths around what mindfulness is and isn't and why it's appropriate for the workplace. The book then illustrates the real benefits of workplace mindfulness for focus, empathy, communication, and decision-making, while reducing stress levels and self-created limitations. The author then provides the accessible 8-week program for effectively incorporating mindfulness into daily activities that has worked for thousands of corporate leaders"--</subfield>
    <subfield code="c">Provided by publisher.</subfield>
  </datafield>
  <datafield tag="563" ind1=" " ind2=" ">
    <subfield code="a">HB</subfield>
  </datafield>
  <datafield tag="650" ind1=" " ind2="0">
    <subfield code="a">Mindfulness (Psychology).</subfield>
    <subfield code="9">94994</subfield>
  </datafield>
  <datafield tag="650" ind1=" " ind2="0">
    <subfield code="a">Employee health promotion.</subfield>
    <subfield code="9">94995</subfield>
  </datafield>
  <datafield tag="650" ind1=" " ind2="0">
    <subfield code="a">Employees</subfield>
    <subfield code="x">Coaching of.</subfield>
    <subfield code="9">4010</subfield>
  </datafield>
  <datafield tag="700" ind1="1" ind2=" ">
    <subfield code="a">Goldhamer, Tal,</subfield>
    <subfield code="e">writer of foreword.</subfield>
    <subfield code="9">94996</subfield>
  </datafield>
  <datafield tag="776" ind1="0" ind2="8">
    <subfield code="i">Online version:</subfield>
    <subfield code="a">Smith, Clif.</subfield>
    <subfield code="t">Mindfulness without the bells and beads</subfield>
    <subfield code="d">Hoboken, New Jersey : Wiley, [2021]</subfield>
    <subfield code="z">9781119750833</subfield>
    <subfield code="w">(DLC) 2020043559</subfield>
  </datafield>
  <datafield tag="906" ind1=" " ind2=" ">
    <subfield code="a">7</subfield>
    <subfield code="b">cbc</subfield>
    <subfield code="c">orignew</subfield>
    <subfield code="d">1</subfield>
    <subfield code="e">ecip</subfield>
    <subfield code="f">20</subfield>
    <subfield code="g">y-gencatlg</subfield>
  </datafield>
  <datafield tag="942" ind1=" " ind2=" ">
    <subfield code="2">ddc</subfield>
    <subfield code="c">LC</subfield>
  </datafield>
  <datafield tag="999" ind1=" " ind2=" ">
    <subfield code="c">590592</subfield>
    <subfield code="d">590592</subfield>
  </datafield>
  <datafield tag="952" ind1=" " ind2=" ">
    <subfield code="0">0</subfield>
    <subfield code="1">0</subfield>
    <subfield code="2">ddc</subfield>
    <subfield code="4">0</subfield>
    <subfield code="7">0</subfield>
    <subfield code="a">CL</subfield>
    <subfield code="b">CL</subfield>
    <subfield code="c">LC</subfield>
    <subfield code="d">2022-07-25</subfield>
    <subfield code="o">158.13 SMI</subfield>
    <subfield code="p">LC-210</subfield>
    <subfield code="r">2022-07-25</subfield>
    <subfield code="w">2022-07-25</subfield>
    <subfield code="y">REF</subfield>
  </datafield>
</record>
